000 00639nam a2200241Ia 4500
003 OSt
005 20220924125605.0
006 a|||||r|||| 00| 0
007 ta
008 220923b |||||||| |||| 00| 0 per d
024 _a326347
037 _cTextual
040 _aARTS
_cARTS
_bper
041 _2per
_aper
082 _aO164,1x45,N5, J2
100 _aMakki Hussain Au.
_9198537
245 0 _aGulzar-e-adab
260 _aTehran
_bAmir Kabir Iran
_c1952
300 _a674p.
_ccm.
650 _aPERSIAN POETRY
942 _hO164,1x45,N5, J2
_cTEXL
_2CC
999 _c422993
_d422993